000 00577cam a22002053a 4500
001 34458
003 PGUSA
005 20140828083737.0
008 101127s2010||||xxu|||||s|||||000 | eng d
040 _aPGUSA
_beng
042 _adc
100 1 _aCouperus, Louis,
_d1863-1923
245 1 4 _aThe Twilight of the Souls
_h[electronic resource] /
_cLouis Couperus
260 _bProject Gutenberg,
_c2010
506 _aPublic domain in the USA.
516 _aElectronic text
830 0 _aProject Gutenberg
_v34458
856 4 0 _uhttp://www.gutenberg.org/ebooks/34458
942 _cEB
999 _c263713
_d263713